Predictability of complex dynamical systems / (Record no. 26745)

MARC details
000 -LEADER
fixed length control field 01317cam a2200361 i 4500
001 - CONTROL NUMBER
control field 1635673
003 - CONTROL NUMBER IDENTIFIER
control field EG-ScBUE
005 - DATE AND TIME OF LATEST TRANSACTION
control field 20241208093057.0
008 - FIXED-LENGTH DATA ELEMENTS--GENERAL INFORMATION
fixed length control field 960722t1996 gw a f b 001 0 eng d
020 ## - INTERNATIONAL STANDARD BOOK NUMBER
International Standard Book Number 3540612874
020 ## - INTERNATIONAL STANDARD BOOK NUMBER
International Standard Book Number 9783540612872
040 ## - CATALOGING SOURCE
Original cataloging agency DLC
Language of cataloging eng
Description conventions rda
Transcribing agency DLC
Modifying agency DLC
082 04 - DEWEY DECIMAL CLASSIFICATION NUMBER
Classification number 519.54
Edition number 22
Item number PRE
245 00 - TITLE STATEMENT
Title Predictability of complex dynamical systems /
Statement of responsibility, etc editors Yurii A. Kravtsov, James B. Kadtke.
264 #1 - PUBLICATION, DISTRIBUTION, ETC. (IMPRINT)
Place of publication, distribution, etc Berlin ;
-- New York :
Name of publisher, distributor, etc Springer,
Date of publication, distribution, etc [1996]
264 #4 - PUBLICATION, DISTRIBUTION, ETC. (IMPRINT)
Date of publication, distribution, etc c1996
300 ## - PHYSICAL DESCRIPTION
Extent xii, 234 pages :
Other physical details illustrations (some color) ;
Dimensions 24 cm
336 ## - CONTENT TYPE
Source rdacontent
Content type term text
Content type code txt
337 ## - MEDIA TYPE
Media type term unmediated
Source rdamedia
Media type code n
338 ## - CARRIER TYPE
Carrier type term volume
Carrier type code nc
Source rdacarrier
504 ## - BIBLIOGRAPHY, ETC. NOTE
Bibliography, etc Includes bibliographical references and index.
650 #7 - SUBJECT ADDED ENTRY--TOPICAL TERM
Topical term or geographic name as entry element Prediction theory.
Source of heading or term BUEsh
650 #7 - SUBJECT ADDED ENTRY--TOPICAL TERM
Topical term or geographic name as entry element Differentiable dynamical systems.
Source of heading or term BUEsh
650 #7 - SUBJECT ADDED ENTRY--TOPICAL TERM
Topical term or geographic name as entry element Nonlinear theories.
Source of heading or term BUEsh
9 (RLIN) 6166
651 ## - SUBJECT ADDED ENTRY--GEOGRAPHIC NAME
Source of heading or term BUEsh
653 ## - INDEX TERM--UNCONTROLLED
Resource For college Engineering, General
Arrived date list May2018
655 ## - INDEX TERM--GENRE/FORM
Form subdivision Reading book
700 1# - ADDED ENTRY--PERSONAL NAME
Personal name Kravt︠s︡ov, I︠U︡. A.
Relator term editor.
700 1# - ADDED ENTRY--PERSONAL NAME
Personal name Kadtke, James B.,
Dates associated with a name 1957-
Relator term editor.
906 ## - LOCAL DATA ELEMENT F, LDF (RLIN)
a 7
b cbc
c orignew
d 1
e ocip
f 19
g y-gencatlg
942 ## - ADDED ENTRY ELEMENTS (KOHA)
Source of classification or shelving scheme Dewey Decimal Classification
Koha item type Book - Borrowing
Holdings
Withdrawn status Lost status Source of classification or shelving scheme Damaged status Not for loan Collection code Home library Current library Shelving location Date acquired Source of acquisition Total Checkouts Full call number Barcode Date last seen Price effective from Koha item type
    Dewey Decimal Classification     Baccah Central Library Central Library First floor 17/05/2018 Purchase   519.54 PRE 000047793 15/07/2025 17/05/2018 Book - Borrowing